| 000 | 00880nas a2200289 4500 | ||
|---|---|---|---|
| 001 | BR0102580 | ||
| 003 | BR-BrBNA | ||
| 005 | 20231205102247.0 | ||
| 007 | ta | ||
| 008 | 230509b bl.|||p| |||| 00| 00por d | ||
| 040 |
_aBR-BrBNA _bpor _cBiblioteca Nacional de Agricultura |
||
| 041 | _a(Pt) | ||
| 072 | _aE70; U10 | ||
| 100 | 1 | _aPino, F.A. | |
| 100 | 1 | _aSantiago, M.M.D. | |
| 100 | 1 | _aFrancisco, V.L.F. dos S. | |
| 100 | 1 | _aBueno, C.R.F. | |
| 245 | 1 | _aLevantamentos de precos por amostragem: mercado atacadista de produtos agricolas na cidade de Sao Paulo | |
| 650 | _aPreco | ||
| 650 | _aAmostragem | ||
| 650 | _aMercado Atacadista | ||
| 650 | _aModelo Matematico | ||
| 650 | _aSao Paulo | ||
| 773 | 0 |
_tAgricultura em Sao Paulo (Brazil) _xISSN 0044-6793 _g(2000), v. 47(2) p. 1-19 _wBR0102580 |
|
| 909 |
_a202311 _bLúcia _c55 _dLúcia Elande |
||
| 942 |
_2AGRIS _n0 _cANA |
||
| 999 |
_c166622 _d166622 |
||